000 00454nam a2200169Ia 4500
003 GCL
008 140319s9999 xx 000 0 eng d
040 _aGCL /
_cGCL
082 0 4 _a621.51
_bA R
100 1 _aARORA, C P
245 1 0 _aREFRIGERATIONANDAIR CONDITIONING /
_cARORA, C P
260 _a[S.N] :
_bTATA MCGRAW - HILL PUBLISHING COMPANY LT ،
_c1995
300 _a726 P
650 0 4 _aTECHNOLOGY
650 0 4 _aAIR CONDITIONING
942 _2ddc
_cBK
999 _c12145
_d12145